[Event "Milan Crespi op-A 31st"]
[Site "Milan"]
[Date "2010.12.08"]
[Round "5"]
[White "Tesic, Dragan"]
[Black "Marin, Mihail"]
[Result "0-1"]
[WhiteElo "2403"]
[BlackElo "2562"]
[Annotator "Marin,M"]
[PlyCount "82"]
[EventDate "2010.12.04"]
[EventType "swiss"]
[EventRounds "9"]
[EventCountry "ITA"]
[SourceTitle "CBM 139 Extra"]
[Source "ChessBase"]
[SourceDate "2011.01.05"]
[SourceVersion "1"]
[SourceVersionDate "2011.01.05"]
[SourceQuality "1"]

1. d4 Nf6 2. c4 e6 3. Nf3 Bb4+ 4. Bd2 a5 {Logically enough, playing the line I
had written an article about, see CBM 137.} 5. g3 d5 6. Bxb4 {I must confess
that I got "taken out of the book" by this move, although I did not mind it,
since it is an obvious strategic concession. As I found out later, this is
played only rarely.} ({My previous games in this line went:} 6. Bg2 dxc4 7. Qc2
Nc6 8. Qxc4 Qd5 {This is the starting point of my article.} 9. Qd3 ({A few
weeks later, I faced the main alternative, which I considered slightly
inferior in my article:} 9. Qxd5 exd5 {Delorme,A (2455)-Marin,M (2597)/Bratto
2010/ (1/2, 78)}) 9... Qe4 10. Qxe4 Nxe4 {Garcia Palermo,C (2450)-Marin,M 
(2597)/Benasque 2010/CBM 137 Extra/[Marin,M] (1/2, 63).  I assume, though,
that my opponent did not know about it and mainly feared 7...Bxd2+, which has
been repeatedly played at the highest possible level.}) 6... axb4 {The a8-rook
is developed already, keeping the a2-pawn under permanent pressure, while the
generally desirable Nc3 is impossible now.} 7. Nbd2 b6 {Not really necessary
at this moment of the game, although the move itself is useful.} (7... O-O 8.
Bg2 ({My fears regarding} 8. c5 {were completely unjustified because Black can
play} Nc6 9. Bg2 Qe7 {preparing an effective break in the centre with ...e5.})
8... Qe7 9. O-O c5 $5 (9... b6 {may transpose to the main game.}) 10. cxd5 exd5
11. dxc5 Qxc5 12. Nb3 Qe7 13. Nbd4 Nc6 14. Qc2 Bd7 {Fayard,A (2269)-Lalic,B 
(2514)/Paris 2008 (1/2, 17). Black has little to fear.}) 8. Qc2 $146 (8. Bg2
Bb7 9. O-O O-O 10. Qb3 Qe7 11. Rfc1 {Murdzia,P (2410)-Ostrowski,L (2360)/
Krynica 1997/CBM 061 ext (0-1, 54)} c5 $1 $132) 8... Qe7 {Once again directed
against c4-c5. The queen is best placed on e7 anyway.} 9. Bg2 (9. c5 bxc5 10.
dxc5 Nc6 $15 {[%cal Ge6e5,Gc8a6]}) 9... O-O 10. O-O {Black's position is
comfortable, but now he has to take an important decision: where should he
develop the remaining bishop?} Ba6 {I wanted to discourage once and for always
c4-c5, although I understood that a2-a3 may be annoying in some cases.} (10...
Bb7 {looks entirely playable, too.} 11. Rfc1 Rc8 12. c5 $6 bxc5 13. Qxc5 Qxc5
14. Rxc5 Ba6 {I was unhappy with the fact that I would have to lose a tempo
with this move, but concrete analysis shows that Black has excellent play
anyway.} (14... Nbd7 15. Rb5 Ba6 16. Rxb4 Bxe2 $13) 15. e3 Nbd7 16. Rc2 c5 17.
dxc5 Bd3 18. Rcc1 Rxc5 $15) 11. Ne5 {The knight is not too stable in the
centre, meaning that White will have to lose time in the future by retreating
with it to d3.} (11. a3 {may have been the safest continuation, sparing White
any troubles.} bxa3 12. Rxa3 Nc6 13. Rfa1 Nb4 14. Qc3 c5 15. dxc5 (15. Ne5 cxd4
$1) 15... bxc5 16. Ne5 Qc7 $11) 11... c5 12. dxc5 bxc5 13. Nd3 $6 {This
voluntary retreat allows Black take over the initiative.} (13. e4 $6 d4 14. f4
{does not work out too well, either. Black has simple play along the a-file,
while the kingside attack is not too promising, especially because the
dark-squared bishops have been exchanged.} Bb7 15. Qd1 (15. Nd3 $2 Ng4) 15...
Nbd7 16. Nd3 e5 17. f5 Ra6 18. g4 h6 19. h4 Nh7 20. Qe1 Rfa8 $17) (13. Rfc1 $5
Bb7 14. Nd3 (14. cxd5 $6 exd5 {[%csl Ge5]}) 14... Rc8 15. e3 Nbd7 $11) 13...
Nc6 $1 {A first unpleasant surprize. The c5-pawn is hanging, indeed, but so is
the e2-pawn.} 14. Rfc1 (14. cxd5 exd5 $1 15. Qxc5 Qxe2 {Black is well
developed and he only has one hanging knight compared with White's two knights.
} 16. Nf4 (16. Nxb4 Qxd2) (16. Qxc6 Bxd3) 16... Qxd2 17. Rfd1 Qxb2 18. Qxc6
Rfc8 19. Qd6 Bc4 $17) 14... Rac8 (14... Rfc8 {was possible, but I wanted my
rooks on c8 and d8.}) 15. Qa4 $6 {Hoping to spoil Black's coordination, but...}
(15. Qd1 Rfd8 $15) 15... Nd4 $1 16. Qd1 $6 {Rather inconsequent.} ({After} 16.
Qxa6 {the queen will be doomed, but White seems to be able to get acceptable
compensation, although he could hardly hope for more than a draw.} Ra8 17. Qb6
Nd7 18. Qb7 Rfb8 19. Qc7 Rc8 20. Qb7 (20. Qf4 Nxe2+) 20... Qd8 $1 {Of course,
Black does not have to take a draw by perpetual attack against the queen.} 21.
Rd1 $1 {Not an easy move to find.} (21. e3 Ne2+ 22. Kf1 Nxc1 23. Rxc1 Rcb8 24.
Qc6 Rb6 $19) ({The alternate move order} 21. cxd5 Rcb8 22. Qxa8 Rxa8 23. Rd1 {
is less effective:} Nxe2+ 24. Kf1 Nd4 25. dxe6 fxe6 $1 26. Bxa8 Qxa8 27. Kg1
Qd5 $15 {with strong centralisation.}) 21... Nxe2+ 22. Kf1 Nd4 23. cxd5 Rcb8
24. dxe6 Rxb7 25. exf7+ Kf8 26. Bxb7 Ra7 27. Bg2 Qe7) 16... Rfd8 $15 {Black
has completed his development and is exerting strong pressure in the centre.}
17. a3 $2 {The worse moment to open the queenside.} (17. e3 Nf5 18. a3 $15)
17... b3 $1 18. e3 (18. Rc3 dxc4 19. Nxc4 Nd5 $17) (18. Rab1 e5 19. e3 dxc4 20.
Nxc4 Nc2 $17) (18. Nxb3 Nxb3 19. Qxb3 dxc4 $17) 18... Nc2 19. Rxc2 (19. Rab1
dxc4 $19 20. Nf4 c3 21. bxc3 c4) 19... bxc2 20. Qxc2 Qd6 $17 {Black has won an
exchange and retains an active position.} 21. Bf1 Bb7 22. Nf4 e5 23. Nd3 (23.
Nxd5 Nxd5 24. cxd5 Qxd5 $19) 23... dxc4 {I played this move expecting an
immediate resignation.} ({If I had suspected that my opponent (who was living
on seconds already) would play untill the bitter end, I probably would have
preferred} 23... d4 $19 {with a crushing space advantage AND an extra exchange.
}) 24. Nxc4 (24. Qxc4 Ba6) 24... Qd5 25. f3 Qxf3 26. Nf2 h5 $1 (26... Ng4 27.
Nxg4 Qh1+ 28. Kf2 h5 $19) 27. Nxe5 Qxe3 28. Nc4 Qf3 29. Ne5 Qd5 30. Ned3 Ng4
31. Nf4 Qd4 (31... Qd2 $19) 32. Nxh5 Nxf2 33. Qxf2 Qd5 34. Bg2 Qxg2+ 35. Qxg2
Bxg2 36. Kxg2 Rd2+ 37. Kf3 Rxh2 38. Nf4 Rxb2 39. Ke4 c4 40. Nd5 Re8+ 41. Kd4
Rd2+ (41... Rd2+ 42. Kxc4 (42. Kc5 Rc8+ 43. Kd6 Rd8+) 42... Rc8+) 0-1

[Event "Terre degli Elimi op 8th"]
[Site "Erice"]
[Date "2017.08.02"]
[Round "6"]
[White "Marin, Mihail"]
[Black "Glud, Jakob Vang"]
[Result "1/2-1/2"]
[WhiteElo "2529"]
[BlackElo "2521"]
[Annotator "Marin,M"]
[PlyCount "112"]
[EventDate "2017.07.28"]
[EventType "swiss"]
[EventRounds "9"]
[EventCountry "ITA"]
[SourceTitle "CBM 180"]
[Source "ChessBase"]
[SourceDate "2017.09.13"]
[SourceVersion "1"]
[SourceVersionDate "2017.09.13"]
[SourceQuality "1"]

1. d4 d5 2. c4 e6 3. Nf3 Nf6 4. g3 Bb4+ 5. Bd2 Be7 6. Bg2 O-O 7. O-O c6 8. Qc2
Nbd7 9. Rd1 b6 10. b3 a5 ({Slightly disappointing. I planned to meet} 10... Ba6
{with the paradoxical} 11. Bc1 Rc8 12. Bb2 {as in Ding,L (2783)-Zhigalko,S 
(2635) Khanty-Mansiysk 2017, a game I had analysed recently.}) {I was sure I
had analysed this variation recently but could not remember anything concrete.}
11. Bc3 ({I vaguely remembered that it was based on} 11. Bf4 {and, indeed, I
later found the following game in my notes:} Bb7 ({During the game I was more
worried about} 11... Ba6 12. Nbd2 Nh5 13. Be3 Rc8 {when it is not clear how to
prepare e2-e4. However, White seems to keep freer play after} 14. Ne5 Nhf6 15.
Ndf3 {Ghaem Maghami,E (2566)-Adams,M (2738) Baku 2016 (½-½, 31)}) 12. Nc3 Ba6
13. Ne5 Rc8 14. e4 $36 {Lalith,B (2541)-Chandra,A (2300) New Delhi 2013 (1-0,
28). After a short while I realised there was no chance of remembering my
recent analysis so I decided to take a fresh look at the positions. The game
move looked to me the most flexible.}) 11... Ba6 ({The alternative is, as
always,} 11... Bb7 12. Nbd2 Qc7 (12... c5 13. Ne5 cxd4 14. Bxd4 Nxe5 15. Bxe5
Qc8 $6 $16 {Giri,A (2773)-Topalov,V (2798) Stavanger 2015 CBM 167 [Illingworth,
M] (1-0, 56)}) 13. e4 dxe4 14. Nxe4 c5 {Postny,E (2620)-Roiz,M (2608) Tiberias
2016 CBM 176 [Roiz,M] (0-1, 57), White maintains the initiative but according
to the player with Back he had analysed the forced line until the end.}) (11...
Ne4 {slightly neglects development:} 12. Ne5 Nxe5 13. Bxe4 f5 {Ding,L (2773)
-Giri,A (2785) Moscow 2017 CBM 179 [Silver,A] (1/2-1/2, 28)}) 12. Nbd2 b5 {
The thematic way of increasing the bishop's activity.} (12... Rc8 {is more
passive, allowing White to open the centre in his favour.} 13. e4 c5 14. exd5
exd5 15. Qb2 $6 {This leaves the bishop immobile. There are a few better
alternatives, all of them offering White the more pleasant play.} (15. Nf1 $5
dxc4 16. Ne3 cxb3 17. axb3 {This is the most ambitious, sacrificing a pawn in
order to}) (15. Ne5 $5) (15. Qf5 $5) 15... Re8 16. Ne5 cxd4 (16... Nxe5 17.
dxe5 d4 $13) 17. Bxd4 Nxe5 18. Bxe5 Ba3 19. Qxa3 Rxe5 20. cxd5 Be2 21. Re1 $16
{1-0 (38) Antic,D (2445)-Solomunovic,I (2402) Novi Banovci 2017}) 13. e4 {
This was the only move I considered.} ({The thematic} 13. c5 $6 {does not work
due to} b4 {winning a pawn.}) (13. Bb2 {is too slow:} a4 (13... bxc4 $1 14.
bxc4 Rc8 $11 15. e4 $2 Nxe4 16. Nxe4 dxe4 17. Ne5 f5 $17) 14. c5 b4 15. e4 $2 (
15. bxa4 Bxe2 16. Re1 Ba6 17. a3 $11) 15... a3 16. Bc1 dxe4 17. Nxe4 Nxe4 18.
Qxe4 Nxc5 $1 $17 {Jumabayev,R (2611)-Nguyen,N (2629) Doha 2016 (0-1, 59)})
13... bxc4 {The move order is important as it can offer either side additional
possibilities.} (13... dxe4 $6 14. Ne5 Bb7 (14... bxc4 15. Nxc6 cxb3 16. Qxb3
Qe8 17. Bxa5 $16) 15. Nxe4 b4 16. Bd2 Qc8 17. Bg5 $16 {Bernasek,J (2395)-Kunte,
A (2532) Olomouc 2004 (1/2-1/2, 40)}) (13... Nxe4 14. Nxe4 dxe4 15. Qxe4 {
[%cal Gc4c5]} bxc4 (15... Rc8 16. c5 $16 {[%csl Ra6,Rg8]}) 16. Qxc6 cxb3 17.
Ne5 $36) 14. bxc4 ({To tell the truth I did not consider} 14. e5 cxb3 15. axb3
Ng4 16. Bxa5 Qc8 17. b4 $14 {But I prefer the game continuation anyway as it
offers White a lasting initiative.}) 14... Nxe4 15. Nxe4 dxe4 16. Ne5 {Even
though I basically worked out this line over the board, I could not avoid the
feeling that all this was familiar to me.} Nxe5 (16... f5 17. Nxc6 Qe8 18. Bxa5
Nf6 19. d5 $16 {Ding,L (2742)-Gajewski,G (2659) Tromsoe 2014 (1-0, 40)}) 17.
dxe5 $14 {White will retrieve the pawn retaining a space advantage and more
active bishops.} Qb6 $146 ({Later I discovered that my feeling of déjà vu
was caused by the following old game:} 17... Qc7 18. Qxe4 Rac8 19. h4 Rfd8 20.
h5 h6 21. Bf1 $14 Bb7 $2 (21... Bc5 $14 22. Bd3 $6 f5 23. exf6 Qxg3+) 22. Bd3
Rxd3 23. Qxd3 $16 {Beliavsky,A (2690)-Jussupow,A (2630) Frankfurt 1998 (1-0,
41). The long term memory seems to have worked better than the short term one.
As for my opponent I suspect he had not seen the old game at all.}) 18. Qxe4 (
18. Bxe4 {can lead to interesting play but the game move is a better way to
keep the pressure.} {I rejected this line because of} Bxc4 {[%cal Gc4d5] and
it seems that Black can hold his own, indeed.} (18... h6 $6 19. Rd7 Rfe8 (19...
Ra7 20. Bxa5 $1) 20. Bd4 Qb4 21. c5 Rad8 22. a3 Qb5 23. Rd6 Bxd6 24. exd6 $16)
19. Rd7 Ra7 20. Bd4 c5 21. Rxe7 Rxe7 22. Be3 Bd5 (22... Ba6 23. Bxc5 $16) 23.
Bxh7+ (23. Bxd5 exd5 24. Bxc5 Qc6 $19) 23... Kh8 24. Bxc5 Qb7 25. Bxe7 Rc8 26.
Bc5 Bh1 27. f3 Qxf3 $132) 18... Rac8 $6 {This does not fight against White's
growing initiative in any way.} (18... Rab8 {is more to the point.} 19. Rab1
Qc7 20. h4 $14) 19. Rab1 Qa7 ({I was secretely hoping for} 19... Qc5 20. Bd4
Qa3 (20... Qxc4 21. Bf1 $18) 21. Qc2 $16 {when the threat Rd3 wins material. If
} Rb8 {then} 22. Bb6 $18) 20. Rd2 (20. Bxa5 Bxc4 $11) 20... g6 {During the
game I was not sure what this move was supposed to mean. But later I realised
that Black is so passive that he hardly has useful moves. It would be not
completely exaggerated to say he is in some sort of zugzwang.} (20... Rfd8 21.
Bxa5 $16) (20... Rb8 21. Rxb8 Rxb8 22. Qxc6 Bc5 (22... Rb1+ 23. Bf1 $16) 23. h4
Bxc4 24. Qa4 $16 {[%csl Ga5]}) (20... c5 21. Rdb2 Rb8 22. Qc6 $16) 21. h4 (21.
Bxa5 Bxc4 22. Bb6 Qa6 23. a4 Bd5 24. Qc2 $14 {[%cal Ga4a5]}) 21... Qc5 $6 (
21... a4 22. Bd4 c5 (22... Bc5 23. Bxc5 Qxc5 24. h5 $16 Qxc4 25. Qf3 $18) 23.
Be3 $16) 22. Bf1 $6 ({Over the past few moves I had been considering several
other black moves and it seems that in the meanwhile I forgot about the
familiar manoeuvre:} 22. Bd4 Qa3 23. Qc2 {I cannot remember the exact thinking
process at this moment, but it could be that I was concerned about my rooks
not being connected. Still, after} Rb8 24. Bb6 $18 {there is no difference
with respect to the previous similar line.}) 22... Rfd8 23. Rbd1 (23. Bd4 {
is less effective now:} Qa3 24. Qc2 Qf3 25. Rb3 Qf5 $14) 23... Rxd2 24. Rxd2
Qa3 (24... Qa7 25. Rd6 $5 $16 Bxd6 26. exd6 Qc5 27. Qf4 f5 28. d7 Rd8 29. Qc7
Qe7 30. Qxc6 $18) 25. Rd7 $16 {Even after missing the favourable moment to win
material White enjoys a large advantage.} Bc5 (25... Rd8 26. Bb2 Qxb2 27. Rxe7
$16) 26. Bd4 (26. Qf3 Rf8 27. Qxc6 $18) 26... Bxd4 27. Qxd4 {[%csl Ra6][%cal
Gd7a7,Gd4a7]} Rf8 28. Rd8 {White had two better continuations. I considered
them both but due to slight time trouble didn't evaluate them correctly.} (28.
Qb6 Bc8 29. Rd8 Kg7 (29... Rxd8 30. Qxd8+ Qf8 31. Qxa5 $18) 30. Rxf8 Qxf8 31.
Qxc6 $18) (28. Qd6 Qxd6 (28... Qxa2 29. Qxc6 Bc8 30. Rc7 $18) 29. exd6 $18 {
[%cal Gd7c7,Rd7a7]}) 28... Qb4 (28... Rxd8 29. Qxd8+ Kg7 30. Qb6 Bc8 31. Qxc6
$18) (28... Kg7 29. Rxf8 Qxf8 30. Qb6 $18) 29. h5 gxh5 30. Rd7 c5 31. Qe4 Qc3
32. Bd3 (32. Qf4 Qc2 33. Bd3 Qd1+ 34. Kg2 Qg4 35. Qh6 Qg7 36. Qxh5 $18) 32...
Qc1+ 33. Kg2 Qh6 34. Ra7 Bc8 35. Rxa5 Rd8 36. Ra7 ({Hard to say why I
refrained from} 36. Rxc5 $18 {even though by now time trouble had become real.}
) 36... Kg7 37. Qf3 ({Amusingly, it sems that it was not too late to return to
the right path two tempi down.} 37. Rc7 $18) 37... Bd7 38. Be4 Qg5 39. Qf4 ({
But the following line is more difficult to find with little time:} 39. Bc2 $5
Qxe5 40. Ba4 Qd4 41. Qxh5 h6 42. Bb5 $18 {[%cal Ga2a4]}) 39... Qxf4 40. gxf4
Be8 41. f5 $1 {After the time trouble was over I was happy that I had not lost
all my advantage and played the last move almost without thinking.} exf5 42.
Bd5 Kg6 (42... Bd7 43. e6 $18) 43. a4 ({It would have been simpler to restrict
the enemy king:} 43. f4 Bd7 44. Rc7 Be6 45. Rxc5 Rb8 (45... h4 46. Kh3 Kh5 47.
a4 Rb8 48. Bf3+ Kg6 49. Kxh4 $18) 46. Kh3 Rb1 47. a4 Ra1 48. a5 Ra3+ 49. Kh4
Ra1 50. Rc6 $18) 43... Bd7 44. a5 Be6 45. Ra6 Kg5 46. Rd6 $2 {This spectacular
move throws away the last chance to win.} (46. Bxe6 $1 fxe6 47. Rxe6 {still
looks very promising:} Kf4 (47... f4 48. Rf6 {[%cal Ga5a6,Gg2f3]}) 48. a6 Ra8
49. Kh3 Ke4 (49... Ra7 50. Kh4 Rg7 51. Kxh5 Rg2 52. Kh6 Rxf2 53. Kg7 Ra2 54.
Kf6 Kg4 55. Rb6 f4 56. e6 f3 57. e7 f2 58. e8=Q f1=Q+ 59. Kg7 Qxc4 60. Qc8+ Kg3
61. Qb8+ Kg2 62. Qb7+ Kg1 63. a7 $18) 50. Kh4 f4 51. Kxh5 Kf5 52. Rc6 Kxe5 53.
Rxc5+ Kd4 54. Ra5 $18) 46... Bxd5+ 47. cxd5 Ra8 48. a6 Kf4 49. e6 Ke5 50. Rb6
fxe6 51. dxe6 Kf6 52. Kf3 c4 53. Rc6 c3 54. Kf4 c2 55. e7+ Kxe7 56. Kxf5 Rxa6
1/2-1/2